Diálogos con las madres de niños normales / (Record no. 33435)

MARC details
000 -LEADER
campo de control de longitud fija 00641nam a2200217 i 4500
001 - NÚMERO DE CONTROL
campo de control 33435
003 - IDENTIFICADOR DE NÚMERO DE CONTROL
campo de control ES-MaACL
005 - FECHA Y HORA DE LA ÚLTIMA TRANSACCIÓN
campo de control 20250828023335.0
007 - CAMPO FIJO DE DESCRIPCIÓN FÍSICA--INFORMACIÓN GENERAL
campo de control de longitud fija t|
008 - DATOS DE LONGITUD FIJA--INFORMACIÓN GENERAL
campo de control de longitud fija 030202s1972 sp |||| | spa d
080 ## - NÚMERO DE LA CLASIFICACIÓN DECIMAL UNIVERSAL
Número de la Clasificación Decimal Universal 37.04-053.2
100 1# - ENTRADA PRINCIPAL--NOMBRE DE PERSONA
Nombre de persona Bettelheim, Bruno.
9 (RLIN) 28677
245 10 - MENCIÓN DEL TÍTULO
Título Diálogos con las madres de niños normales /
Mención de responsabilidad, etc. Bruno Bettelheim ; [traducción de Antonia Kerrigan].
250 ## - MENCION DE EDICION
Mención de edición 1ª ed.
260 ## - PUBLICACIÓN, DISTRIBUCIÓN, ETC.
Lugar de publicación, distribución, etc. Barcelona :
Nombre del editor, distribuidor, etc. Barral,
Fecha de publicación, distribución, etc. 1972.
300 ## - DESCRIPCIÓN FÍSICA
Extensión 210 p. ;
Dimensiones 20 cm.
650 07 - PUNTO DE ACCESO ADICIONAL DE MATERIA--TÉRMINO DE MATERIA
Término de materia o nombre geográfico como elemento de entrada Educación de niños
Fuente del encabezamiento o término embne
9 (RLIN) 12099
700 1# - ENTRADA AGREGADA--NOMBRE PERSONAL
Nombre de persona Kerrigan, Antonia.
9 (RLIN) 67935
852 ## - LOCALIZACIÓN
Ubicación ES-MaACL
Número de control de estantería C-46476
Holdings
Estatus retirado Estado de pérdida Estado de daño No para préstamo Biblioteca de origen Biblioteca actual Ubicación en estantería Fecha de adquisición Fuente de adquisición Total de préstamos Signatura topográfica completa Código de barras Visto por última vez Precio de reemplazo Tipo de ítem Koha
        Biblioteca del Ateneo de Madrid Biblioteca del Ateneo de Madrid Depósito 2 17/01/2008     C-46476 1034781 23/02/2023 23/02/2023 Libro impreso